000 00390nam a2200157Ia 4500
008 151213s9999 xx 000 0 und d
100 _aElias M. Awad
245 _aSystems Analysis Design
_cElias M. Awad
250 _a2nd
260 _aNew Delhi
_bGalgalia Publication
_c2002
300 _a1660 p.
650 _aComputer
650 _aComputer
700 _aElias M. Awad
999 _c1245
_d1245